000 00266nam a2200097Ia 4500
008 241105s9999 xx 000 0 und d
041 _aeng
100 _aDhamne Shruti
_9182557
245 _aPublic Market at Ganga Ghat Nashik
260 _bFinal Year B. Arch, BNCA
_c2014
999 _c360846
_d360846